Normal view
MARC view
- Hussain,Tajamal
Entry Personal Name
001 - CONTROL NUMBER
- control field: 6528
003 - CONTROL NUMBER IDENTIFIER
- control field: NUST
005 - DATE AND TIME OF LATEST TRANSACTION
- control field: 20171120105423.0
008 - FIXED-LENGTH DATA ELEMENTS
- fixed length control field: 171120|| aca||aabn | a|a d
040 ## - CATALOGING SOURCE
- Original cataloging agency: NUST
- Transcribing agency: NUST
100 ## - HEADING--PERSONAL NAME
- Personal name: Hussain,Tajamal
670 ## - SOURCE DATA FOUND
- Source citation: Work cat.: (NUST): Hussain,Tajamal, Design and Management of Lift Irrigation Systems, 2003
